<?xml version="1.0" encoding="UTF-8"?>
<record
    xmlns:xsi="http://www.w3.org/2001/XMLSchema-instance"
    xsi:schemaLocation="http://www.loc.gov/MARC21/slim http://www.loc.gov/standards/marcxml/schema/MARC21slim.xsd"
    xmlns="http://www.loc.gov/MARC21/slim">

  <leader>00459nam a2200157Ia 4500</leader>
  <datafield tag="020" ind1=" " ind2=" ">
    <subfield code="a">929028031X</subfield>
  </datafield>
  <datafield tag="040" ind1=" " ind2=" ">
    <subfield code="c">4829</subfield>
  </datafield>
  <datafield tag="082" ind1=" " ind2=" ">
    <subfield code="a">482 LAG 1981 C325 Or.</subfield>
  </datafield>
  <datafield tag="100" ind1="1" ind2=" ">
    <subfield code="a">Tichit, L.</subfield>
  </datafield>
  <datafield tag="245" ind1="1" ind2="2">
    <subfield code="a">L'agriculture au Cambodge /</subfield>
  </datafield>
  <datafield tag="260" ind1=" " ind2=" ">
    <subfield code="a">Paris :</subfield>
    <subfield code="b">Agence de Coop&#xA9;&#x266D;ration Culturelle et Technique,</subfield>
    <subfield code="c">c1981</subfield>
  </datafield>
  <datafield tag="300" ind1=" " ind2=" ">
    <subfield code="a">423 p. :</subfield>
    <subfield code="b">2 fold. maps ;</subfield>
    <subfield code="c">24 cm</subfield>
  </datafield>
  <datafield tag="650" ind1=" " ind2="0">
    <subfield code="a">Agriculture</subfield>
  </datafield>
  <datafield tag="710" ind1="2" ind2=" ">
    <subfield code="a">Agence de coop&#xA9;&#x266D;ration culturelle et technique</subfield>
  </datafield>
  <datafield tag="942" ind1=" " ind2=" ">
    <subfield code="c">AEDBB</subfield>
  </datafield>
  <datafield tag="999" ind1=" " ind2=" ">
    <subfield code="c">21454</subfield>
    <subfield code="d">21454</subfield>
  </datafield>
  <datafield tag="952" ind1=" " ind2=" ">
    <subfield code="0">0</subfield>
    <subfield code="1">0</subfield>
    <subfield code="4">0</subfield>
    <subfield code="6">482_000000000000000_LAG_1981_C325_OR</subfield>
    <subfield code="7">0</subfield>
    <subfield code="9">93415</subfield>
    <subfield code="a">LBC</subfield>
    <subfield code="b">LBC</subfield>
    <subfield code="c">C325</subfield>
    <subfield code="d">2023-06-16</subfield>
    <subfield code="o">482 LAG 1981 C325 Or.</subfield>
    <subfield code="p">a22083</subfield>
    <subfield code="r">2023-06-16</subfield>
    <subfield code="w">2023-06-16</subfield>
    <subfield code="y">AEDBB</subfield>
  </datafield>
  <datafield tag="952" ind1=" " ind2=" ">
    <subfield code="0">0</subfield>
    <subfield code="1">0</subfield>
    <subfield code="4">0</subfield>
    <subfield code="6">482_000000000000000_LAG_1981_C325_OR</subfield>
    <subfield code="7">0</subfield>
    <subfield code="9">93416</subfield>
    <subfield code="a">LBC</subfield>
    <subfield code="b">LBC</subfield>
    <subfield code="c">C325</subfield>
    <subfield code="d">2023-06-16</subfield>
    <subfield code="o">482 LAG 1981 C325 Or.</subfield>
    <subfield code="p">a22556</subfield>
    <subfield code="r">2023-06-16</subfield>
    <subfield code="y">AEDBB</subfield>
  </datafield>
  <datafield tag="952" ind1=" " ind2=" ">
    <subfield code="0">0</subfield>
    <subfield code="1">0</subfield>
    <subfield code="4">0</subfield>
    <subfield code="6">482_000000000000000_LAG_1981_C325_OR</subfield>
    <subfield code="7">0</subfield>
    <subfield code="9">93417</subfield>
    <subfield code="a">LBC</subfield>
    <subfield code="b">LBC</subfield>
    <subfield code="c">C325</subfield>
    <subfield code="d">2023-06-16</subfield>
    <subfield code="o">482 LAG 1981 C325 Or.</subfield>
    <subfield code="p">a17937</subfield>
    <subfield code="r">2023-06-16</subfield>
    <subfield code="y">AEDBB</subfield>
  </datafield>
  <datafield tag="952" ind1=" " ind2=" ">
    <subfield code="0">0</subfield>
    <subfield code="1">0</subfield>
    <subfield code="4">0</subfield>
    <subfield code="6">482_000000000000000_LAG_1981_C325_OR</subfield>
    <subfield code="7">0</subfield>
    <subfield code="9">93418</subfield>
    <subfield code="a">LBC</subfield>
    <subfield code="b">LBC</subfield>
    <subfield code="c">C325</subfield>
    <subfield code="d">2023-06-16</subfield>
    <subfield code="o">482 LAG 1981 C325 Or.</subfield>
    <subfield code="p">a20956</subfield>
    <subfield code="r">2023-06-16</subfield>
    <subfield code="y">AEDBB</subfield>
  </datafield>
  <datafield tag="952" ind1=" " ind2=" ">
    <subfield code="0">0</subfield>
    <subfield code="1">0</subfield>
    <subfield code="4">0</subfield>
    <subfield code="6">482_000000000000000_LAG_1981_C325_OR</subfield>
    <subfield code="7">0</subfield>
    <subfield code="9">93419</subfield>
    <subfield code="a">LBC</subfield>
    <subfield code="b">LBC</subfield>
    <subfield code="c">C325</subfield>
    <subfield code="d">2023-06-16</subfield>
    <subfield code="o">482 LAG 1981 C325 Or.</subfield>
    <subfield code="p">a21711</subfield>
    <subfield code="r">2023-06-16</subfield>
    <subfield code="y">AEDBB</subfield>
  </datafield>
  <datafield tag="952" ind1=" " ind2=" ">
    <subfield code="0">0</subfield>
    <subfield code="1">0</subfield>
    <subfield code="4">0</subfield>
    <subfield code="6">482_000000000000000_LAG_1981_C325_OR</subfield>
    <subfield code="7">0</subfield>
    <subfield code="9">93420</subfield>
    <subfield code="a">LBC</subfield>
    <subfield code="b">LBC</subfield>
    <subfield code="c">C325</subfield>
    <subfield code="d">2023-06-16</subfield>
    <subfield code="o">482 LAG 1981 C325 Or.</subfield>
    <subfield code="p">a22455</subfield>
    <subfield code="r">2023-06-16</subfield>
    <subfield code="y">AEDBB</subfield>
  </datafield>
  <datafield tag="952" ind1=" " ind2=" ">
    <subfield code="0">0</subfield>
    <subfield code="1">0</subfield>
    <subfield code="4">0</subfield>
    <subfield code="6">482_000000000000000_LAG_1981_C325_OR</subfield>
    <subfield code="7">0</subfield>
    <subfield code="9">93421</subfield>
    <subfield code="a">LBC</subfield>
    <subfield code="b">LBC</subfield>
    <subfield code="c">C325</subfield>
    <subfield code="d">2023-06-16</subfield>
    <subfield code="o">482 LAG 1981 C325 Or.</subfield>
    <subfield code="p">a21279</subfield>
    <subfield code="r">2023-06-16</subfield>
    <subfield code="y">AEDBB</subfield>
  </datafield>
  <datafield tag="952" ind1=" " ind2=" ">
    <subfield code="0">0</subfield>
    <subfield code="1">0</subfield>
    <subfield code="4">0</subfield>
    <subfield code="6">482_000000000000000_LAG_1981_C325_OR</subfield>
    <subfield code="7">0</subfield>
    <subfield code="9">93422</subfield>
    <subfield code="a">LBC</subfield>
    <subfield code="b">LBC</subfield>
    <subfield code="c">C325</subfield>
    <subfield code="d">2023-06-16</subfield>
    <subfield code="o">482 LAG 1981 C325 Or.</subfield>
    <subfield code="p">a19172</subfield>
    <subfield code="r">2023-06-16</subfield>
    <subfield code="y">AEDBB</subfield>
  </datafield>
  <datafield tag="952" ind1=" " ind2=" ">
    <subfield code="0">0</subfield>
    <subfield code="1">0</subfield>
    <subfield code="4">0</subfield>
    <subfield code="6">482_000000000000000_LAG_1981_C325_OR</subfield>
    <subfield code="7">0</subfield>
    <subfield code="9">93423</subfield>
    <subfield code="a">LBC</subfield>
    <subfield code="b">LBC</subfield>
    <subfield code="c">C325</subfield>
    <subfield code="d">2023-06-16</subfield>
    <subfield code="o">482 LAG 1981 C325 Or.</subfield>
    <subfield code="p">a22482</subfield>
    <subfield code="r">2023-06-16</subfield>
    <subfield code="y">AEDBB</subfield>
  </datafield>
  <datafield tag="952" ind1=" " ind2=" ">
    <subfield code="0">0</subfield>
    <subfield code="1">0</subfield>
    <subfield code="4">0</subfield>
    <subfield code="6">482_000000000000000_LAG_1981_C325_OR</subfield>
    <subfield code="7">0</subfield>
    <subfield code="9">93424</subfield>
    <subfield code="a">LBC</subfield>
    <subfield code="b">LBC</subfield>
    <subfield code="c">C325</subfield>
    <subfield code="d">2023-06-16</subfield>
    <subfield code="o">482 LAG 1981 C325 Or.</subfield>
    <subfield code="p">a21931</subfield>
    <subfield code="r">2023-06-16</subfield>
    <subfield code="y">AEDBB</subfield>
  </datafield>
  <datafield tag="952" ind1=" " ind2=" ">
    <subfield code="0">0</subfield>
    <subfield code="1">0</subfield>
    <subfield code="4">0</subfield>
    <subfield code="6">482_000000000000000_LAG_1981_C325_OR</subfield>
    <subfield code="7">0</subfield>
    <subfield code="9">93425</subfield>
    <subfield code="a">LBC</subfield>
    <subfield code="b">LBC</subfield>
    <subfield code="c">C325</subfield>
    <subfield code="d">2023-06-16</subfield>
    <subfield code="o">482 LAG 1981 C325 Or.</subfield>
    <subfield code="p">a17702</subfield>
    <subfield code="r">2023-06-16</subfield>
    <subfield code="y">AEDBB</subfield>
  </datafield>
  <datafield tag="952" ind1=" " ind2=" ">
    <subfield code="0">0</subfield>
    <subfield code="1">0</subfield>
    <subfield code="4">0</subfield>
    <subfield code="6">482_000000000000000_LAG_1981_C325_OR</subfield>
    <subfield code="7">0</subfield>
    <subfield code="9">93426</subfield>
    <subfield code="a">LBC</subfield>
    <subfield code="b">LBC</subfield>
    <subfield code="c">C325</subfield>
    <subfield code="d">2023-06-16</subfield>
    <subfield code="o">482 LAG 1981 C325 Or.</subfield>
    <subfield code="p">a17977</subfield>
    <subfield code="r">2023-06-16</subfield>
    <subfield code="y">AEDBB</subfield>
  </datafield>
  <datafield tag="952" ind1=" " ind2=" ">
    <subfield code="0">0</subfield>
    <subfield code="1">0</subfield>
    <subfield code="4">0</subfield>
    <subfield code="6">482_000000000000000_LAG_1981_C325_OR</subfield>
    <subfield code="7">0</subfield>
    <subfield code="9">93427</subfield>
    <subfield code="a">LBC</subfield>
    <subfield code="b">LBC</subfield>
    <subfield code="c">C325</subfield>
    <subfield code="d">2023-06-16</subfield>
    <subfield code="o">482 LAG 1981 C325 Or.</subfield>
    <subfield code="p">a21367</subfield>
    <subfield code="r">2023-06-16</subfield>
    <subfield code="y">AEDBB</subfield>
  </datafield>
  <datafield tag="952" ind1=" " ind2=" ">
    <subfield code="0">0</subfield>
    <subfield code="1">0</subfield>
    <subfield code="4">0</subfield>
    <subfield code="6">482_000000000000000_LAG_1981_C325_OR</subfield>
    <subfield code="7">0</subfield>
    <subfield code="9">93428</subfield>
    <subfield code="a">LBC</subfield>
    <subfield code="b">LBC</subfield>
    <subfield code="c">C325</subfield>
    <subfield code="d">2023-06-16</subfield>
    <subfield code="o">482 LAG 1981 C325 Or.</subfield>
    <subfield code="p">a21804</subfield>
    <subfield code="r">2023-06-16</subfield>
    <subfield code="y">AEDBB</subfield>
  </datafield>
  <datafield tag="952" ind1=" " ind2=" ">
    <subfield code="0">0</subfield>
    <subfield code="1">0</subfield>
    <subfield code="4">0</subfield>
    <subfield code="6">482_000000000000000_LAG_1981_C325_OR</subfield>
    <subfield code="7">0</subfield>
    <subfield code="9">93429</subfield>
    <subfield code="a">LBC</subfield>
    <subfield code="b">LBC</subfield>
    <subfield code="c">C325</subfield>
    <subfield code="d">2023-06-16</subfield>
    <subfield code="o">482 LAG 1981 C325 Or.</subfield>
    <subfield code="p">a22538</subfield>
    <subfield code="r">2023-06-16</subfield>
    <subfield code="y">AEDBB</subfield>
  </datafield>
  <datafield tag="952" ind1=" " ind2=" ">
    <subfield code="0">0</subfield>
    <subfield code="1">0</subfield>
    <subfield code="4">0</subfield>
    <subfield code="6">482_000000000000000_LAG_1981_C325_OR</subfield>
    <subfield code="7">0</subfield>
    <subfield code="9">93430</subfield>
    <subfield code="a">LBC</subfield>
    <subfield code="b">LBC</subfield>
    <subfield code="c">C325</subfield>
    <subfield code="d">2023-06-16</subfield>
    <subfield code="o">482 LAG 1981 C325 Or.</subfield>
    <subfield code="p">a21776</subfield>
    <subfield code="r">2023-06-16</subfield>
    <subfield code="y">AEDBB</subfield>
  </datafield>
  <datafield tag="952" ind1=" " ind2=" ">
    <subfield code="0">0</subfield>
    <subfield code="1">0</subfield>
    <subfield code="4">0</subfield>
    <subfield code="6">482_000000000000000_LAG_1981_C325_OR</subfield>
    <subfield code="7">0</subfield>
    <subfield code="9">96513</subfield>
    <subfield code="a">LBC</subfield>
    <subfield code="b">LBC</subfield>
    <subfield code="c">C325</subfield>
    <subfield code="d">2023-11-20</subfield>
    <subfield code="o">482 LAG 1981 C325 Or.</subfield>
    <subfield code="p">a19153</subfield>
    <subfield code="r">2023-11-20</subfield>
    <subfield code="w">2023-11-20</subfield>
    <subfield code="y">AEDBB</subfield>
  </datafield>
</record>
